Tree by Phonetic Name Quiz Stats

 Plays Quiz not verified by Sporcle

Score 0/17 Timer 02:00
0 Plays Today
% Correct
Elm
96%
Fig
95.8%
Oak
95.6%
Walnut
95.5%
Willow
95.4%
Palm
95.3%
Coconut
95.3%
Redwood
95.2%
Maple
95.2%
% Correct
Sycamore
95%
Mahogany
94.4%
Magnolia
93.3%
Cypress
92.6%
Ash
92.2%
Pine
91.6%
Birch
84.2%
Beech
72%

You're not logged in!

Compare scores with friends on all Sporcle quizzes.
OR
Log In

Sporcle TV

Today on Sporcle TV


Watch our educational content, quiz creation guides, and fun videos on Sporcle TV.

Show Comments

Extras

Top Quizzes Today


Score Distribution

Your Account Isn't Verified!

In order to create a playlist on Sporcle, you need to verify the email address you used during registration. Go to your Sporcle Settings to finish the process.

Report this User

Report this user for behavior that violates our Community Guidelines.

Details: